UK Towns & Cities by Picture Clue - Statistics

General Stats
  • This quiz has been taken 81 times
  • The average score is 6 of 16
Answer Stats
Picture Hint Answer % Correct
England Lincoln
97%
England Bath
96%
Wales Swansea
91%
Wales Cardigan
69%
Scotland Wick
59%
England Reading
41%
England Bolton
25%
England Luton
24%
England Bournemouth
22%
Scotland Fort William
22%
England Maidstone
22%
England Ipswich
18%
England Haltwhistle
12%
England Hexham
7%
England Hull
6%
England Carlisle
3%
No matching quizzes found
Score Distribution
Percent of People with Each Score
Percentile by Number Answered
Your Score History
You have not taken this quiz